| 000 | 01441nam a2200289 i 4500 | ||
|---|---|---|---|
| 001 | 100245 | ||
| 003 | ES-MaACL | ||
| 005 | 20251015190800.0 | ||
| 007 | t| | ||
| 008 | 050923s1953 cu 01110dspa d | ||
| 080 | _a821.134.2(729.1) Martí, José 7 Ismaelillo.07 | ||
| 080 | _a929 Martí y Zayas Bazán, José | ||
| 245 | 0 | 0 |
_aHomenaje en memoria de José Martí y Zayas Bazán, celebrado en sesión pública el día 28 de mayo de 1953 / _cpalabras iniciadoras por el Dr. Emeterio S. Santovenia ; discursos por los doctores Joaquín Martínez Sáenz, Jorge Mañach y Robato. |
| 260 |
_aLa Habana : _bAcademia de la Historia de Cuba, _c1953 ( _fImp. El Siglo XX) |
||
| 300 |
_a49 p. ; _c24 cm. |
||
| 490 | 1 | _aPublicaciones de la Academia de la Historia de Cuba | |
| 505 | 8 | _aContiene: Discurso "José Martí y Zayas Bazán" / por Joaquín Martínez Sáenz . Discurso "El Ismaelillo", bautismo poético / por Jorge Mañach y Robato | |
| 600 | 1 | 7 |
_aMartí y Zayas Bazán, José, _d1878-1945 _2 _9161900 |
| 600 | 1 | 4 |
_aMartí, José, _d1853-1895- _xCrítica e interpretación _977188 |
| 700 | 1 |
_aSantovenia, Emeterio S. _9103543 |
|
| 700 | 1 |
_aMartínez Sáenz, Joaquín. _978394 |
|
| 700 | 1 |
_aMañach, Jorge ( _d1898-1961) _976248 |
|
| 710 | 2 |
_aAcademia de la Historia de Cuba. _91183 |
|
| 830 | 1 |
_aPublicaciones de la Academia de la Historia de Cuba _9232424 |
|
| 852 |
_aES-MaACL _j1976-F-8 |
||
| 999 |
_c100245 _d100245 |
||